Zodpovednosť za nelegálne zamestnávanie

Enregistré dans:
Détails bibliographiques
Auteur principal: Olexová, Cecília, 1976-
Format: Chapitre de livre
Langue:slovaque
Tags: Ajouter un tag
Pas de tags, Soyez le premier à ajouter un tag!

MARC

LEADER 00000nla a2200000 4500
001 0224921
005 20240502073702.4
041 0 |a slo 
044 |a SK 
245 1 0 |a Zodpovednosť za nelegálne zamestnávanie  |c Cecília Olexová 
500 |a Abstrakt 
100 1 |a Olexová, Cecília, 1976-